HYBRID (polyfunkčná budova v Bratislave)

Salvato in:
Dettagli Bibliografici
Autore principale: Kadák, Martin (Autore)
Altri autori: Pifko, Henrich (Relatore della tesi)
Natura: Manoscritto Libro
Lingua:slovacco
Pubblicazione: Bratislava 2021
Soggetti:
Accesso online:http://is.stuba.sk/zp/portal_zp.pl?podrobnosti=159517
Tags: Aggiungi Tag
Nessun Tag, puoi essere il primo ad aggiungerne!!

MARC

LEADER 00000ntm a22000003a 4500
001 stuzp83943
003 SK-STU
005 20220217125645.0
007 ta
008 150427s2015----xo-----f-mn---000-0-slo-d
040 |a STU  |b slo 
041 0 |a slo 
100 1 |a Kadák, Martin  |u 052120  |4 aut  |U FAD Fakulta architektúry a dizajnu  |T FAD Ústav ekologickej a experimentálnej architektúry  |X 77164  |U A2120  |Y 393  |7 77164 
242 0 1 |a HYBRID (multifunctional building in Bratislava)  |y eng 
245 1 0 |a HYBRID (polyfunkčná budova v Bratislave) 
260 |c 2021  |a Bratislava 
650 4 |a Diferencia  |2 slo 
650 4 |a Hybrid  |2 slo 
650 4 |a Polyfunkcia  |2 slo 
650 4 |a Variabilita  |2 slo 
650 4 |a Alternatíva  |2 slo 
650 4 |a Hybrid  |2 eng 
650 4 |a Multifunctional Building  |2 eng 
650 4 |a Variability  |2 eng 
650 4 |a Difference  |2 eng 
650 4 |a Alternative  |2 eng 
700 1 |a Pifko, Henrich  |u 052120  |k Z1  |4 ths  |U FAD Fakulta architektúry a dizajnu  |T FAD Ústav ekologickej a experimentálnej architektúry  |X 449  |U A2120  |Y 393  |7 A000000449 
856 4 |u http://is.stuba.sk/zp/portal_zp.pl?podrobnosti=159517  |u https://opac.crzp.sk/?fn=detailBiblioForm&sid=0C216CD716E18223092009AAC853